|
|
|
|
| LEADER |
00000naa2a2200000 4500 |
| 001 |
426081 |
| 005 |
20231101074504.0 |
| 035 |
|
|
|a (RuTPU)RU\TPU\prd\84755
|
| 035 |
|
|
|a RU\TPU\prd\30284
|
| 090 |
|
|
|a 426081
|
| 100 |
|
|
|a 20100628a2004 k y0rusy50 ca
|
| 101 |
0 |
|
|a rus
|
| 102 |
|
|
|a RU
|
| 200 |
1 |
|
|a Радиационные характеристики графита промышленных уран-графитовых реакторов ПО "Маяк"
|f М. П. Цевелев, А. Б. Кутузов, С. В. Коренев и др.
|
| 225 |
1 |
|
|a Статьи
|
| 320 |
|
|
|a Библиогр.: 1 назв.
|
| 461 |
|
1 |
|0 (RuTPU)RU\TPU\prd\33
|x 0004-7163
|t Атомная энергия
|o теоретический и научно-технический журнал
|f Российская академия наук ; Министерство РФ по атомной энергии, ядерного общества
|d 1956-
|
| 463 |
|
1 |
|0 (RuTPU)RU\TPU\prd\84752
|t Т. 97, вып. 1
|v с. 19-22
|d 2004
|
| 610 |
1 |
|
|a графит
|
| 610 |
1 |
|
|a радиационные характеристики
|
| 610 |
1 |
|
|a уран-графитовые реакторы
|
| 610 |
1 |
|
|a радионуклиды
|
| 610 |
1 |
|
|a графитовые кладки
|
| 610 |
1 |
|
|a загрязнение
|
| 675 |
|
|
|a 621.039.512.41
|v 3
|
| 701 |
|
1 |
|a Цевелев
|b М. П.
|
| 701 |
|
1 |
|a Кутузов
|b А. Б.
|
| 701 |
|
1 |
|a Коренев
|b С. В.
|
| 701 |
|
1 |
|a Левунин
|b С. Л.
|
| 701 |
|
1 |
|a Охлупин
|b В. К.
|
| 701 |
|
1 |
|a Савина
|b В. И.
|
| 801 |
|
1 |
|a RU
|b 63413507
|c 20041123
|g PSBO
|
| 801 |
|
2 |
|a RU
|b 63413507
|c 20100628
|g RCR
|
| 942 |
|
|
|c BK
|